000 00921nam a2200313Ia 4500
003 OSt
005 20220912153137.0
006 a|||||r|||| 00| 0
007 ta
008 220909b |||||||| |||| 00| 0 eng d
020 _a 1862391157(V2) (pbk)
020 _a1862391149(V1) (pbk)
024 _a10774
037 _bAshutosh,
037 _cTextbook
040 _aCSL
_beng
_cCSL
041 _aeng
082 _aH3, P2.1 TH
100 _aHoldsworth R E Comp
245 0 _aExtensional tectonics
260 _aLondon
_bThe Geological Society
_c2002
300 _ap.
_ccm.
500 _aCONTENTS:V 1: Regional-scale processes (334p), Index (337-344p); Includes bibliographical references.
650 _a Tectonics
650 _aGeology
700 _a Turner J P Comp
942 _hH3, P2.1 TH
_cTB
_2CC
999 _c98956
_d98956